000 00467nam a2200169Ia 4500
008 090201s9999 xx 000 0 und d
010 _aKPL-35813
040 _bमराठी
041 _aमराठी
082 _a22819
_b35813
100 _aद. का. हसबनीस
245 _aअनघा
_cद. का. हसबनीस
260 _c2004
_bगुलमोहर
300 _a122
_bलहान
600 _aअनघा
942 _cBOOK
999 _c222333
_d222333